000 01010cam a22002291 4500
001 e 37000313
003 DLC
005 20260227111226.0
008 810220s1936 vau 000 0 eng c
010 _ae 37000313
035 _a(OCoLC)7142680
040 _aU.S. Off. of educ. Library
_cVi
_dVi
_dDLC
050 0 0 _aLA733
_b.S6
100 1 _aSmith, B. M.
_q(Benjamin Mosby),
_d1811-1893.
245 1 4 _aThe Prussian primary school system as seen by a Virginia traveler a century ago,
_bwith suggestions as to its application to the state of Virginia.
_cA report submitted to the Governor of Virginia on January 15, 1839, by the Rev. Benjamin Mosby Smith of Danville, Virginia, reprinted from a photostat of House document 26, Virginia. Foreword by Charles William Dabney.
260 _a[Staunton, Va.,
_bMcClure Co., printers,
_c1936]
300 _a33 p.
_c27 cm.
500 _aCover title.
650 0 _aEducation
_zGermany
_zPrussia.
650 0 _aEducation
_zVirginia.
650 0 _aPublic schools
_zVirginia.
999 _c21556
_d21556